LEADER 01034nam0-2200325---450- 001 990008544680403321 005 20100505160855.0 010 $a2-7453-1273-1 035 $a000854468 035 $aFED01000854468 035 $a(Aleph)000854468FED01 035 $a000854468 100 $a20070829d2006----km-y0itay50------ba 101 0 $afre 102 $aFR 105 $a----a---001yy 200 1 $a<>langage de l'obscénité$eétude stylistique des romans de DAF de Sade$eLes cent vigt journées de Sodome, les trois Justine et Histoire de Juliette$fMichel Gailliard 210 $aParis$cChampion$d2006 215 $a469 p.$d23 cm 225 1 $aBibliothèque de grammaire et de linguistique$v22 610 0 $aSade, Donatien Alphonse François de$aStile 676 $a843.5 700 1$aGailliard,$bMichel$0303168 801 0$aIT$bUNINA$gRICA$2UNIMARC 901 $aBK 912 $a990008544680403321 952 $a843.5 SADE/S 1$fFLFBC 959 $aFLFBC 996 $aLangage de l'obscénité$9709633 997 $aUNINA LEADER 01968nas 2200613-a 450 001 9910138571103321 005 20260218110448.0 011 $a2173-6537 035 $a(CKB)110978966560578 035 $a(CONSER)sn-86010001- 035 $a(DE-599)ZDB2107956-0 035 $a(DE-599)2107956-0 035 $a(EXLCZ)99110978966560578 100 $a20750720b19662002 --- b 101 0 $aspa 181 $ctxt$2rdacontent 182 $cc$2rdamedia 183 $acr$2rdacarrier 200 00$aActa geologica Hispanica 210 $a[Barcelona, Spain] $cInstituto Nacional de Geología, Consejo Superior de Investigaciones Científicas$d1966-2002 215 $a1 online resource 300 $aAño 7 includes a Número bibliográfico entitled: Bibliografía geológica española, pub. in 1970. 311 08$aPrint version: Acta geologica Hispanica. 0567-7505 (DLC)sn 86010001 (OCoLC)1460890 531 $aMundo del agrónomo 531 0 $aActa geol. hisp. 606 $aGeology$vPeriodicals 606 $aPaleontology$vPeriodicals 606 $aGeology$zSpain$vPeriodicals 606 $aGeology$2fast$3(OCoLC)fst00940627 606 $aPaleontology$2fast$3(OCoLC)fst01051513 606 $aGeologie$2gtt 606 $aGeologie$2gnd 606 $aGeowissenschaften$2gnd 606 $aZeitschrift$2gnd 607 $aSpain$2fast 607 $aSpanien$2gnd 608 $aZeitschrift. 608 $aPeriodicals.$2fast 615 0$aGeology 615 0$aPaleontology 615 0$aGeology 615 7$aGeology. 615 7$aPaleontology. 615 17$aGeologie. 615 7$aGeologie. 615 7$aGeowissenschaften. 615 7$aZeitschrift. 712 02$aInstituto Nacional de Geología (Spain) 712 02$aInstituto Jaime Almera de Investigaciones Geológicas. 906 $aJOURNAL 912 $a9910138571103321 920 $aexl_impl conversion 996 $aActa geologica Hispanica$92187547 997 $aUNINA